000 00583nam a2200217Ia 4500
001 212
005 20251203123019.0
008 251203t1998||||xx |||||||||||||| ||spa||
020 _a9972625133
041 _aESP
082 _aRE 918.5
_bL539
110 _aLexus Editores
245 0 _aGran enciclopedia del Perú
_b
260 _aBarcelona :
_bLexus Editores
_c1998
300 _a1069 páginas :
_b ilustraciones ;
_c 27 cm.
_e
440 _a
_n
_v
650 _aGEH
653 _aGeografía y viajes en América del Sur; Enciclopedia
654 _aCTP
942 _cENC
_dJUS
_fMIP
_2ddc
_n
999 _c212
_d212